|
|
|
|
| LEADER |
00000nkm a2200000 a 4500 |
| 001 |
vtls001475715 |
| 003 |
SK-MaSNL |
| 005 |
20260331204231.0 |
| 008 |
231206s2003 xo 0k slo |
| 015 |
|
|
|a SNBG2004/03-01101
|
| 020 |
|
|
|a 8096892444
|
| 035 |
|
|
|a SNK000431016
|
| 040 |
|
|
|a SNK
|b slo
|c SNK
|e AACR2
|
| 041 |
0 |
|
|a slo
|
| 043 |
|
|
|a e-xo---
|
| 044 |
|
|
|a xo
|c SK
|
| 080 |
|
|
|a (437.61)
|2 2. slo
|
| 080 |
|
|
|a (084.12)
|2 2. slo
|
| 080 |
|
|
|a 908(437.61)(089.7)=00
|2 2. slo
|
| 100 |
1 |
|
|a Mester, Tibor
|4 com
|4 pht
|9 406205
|
| 245 |
1 |
0 |
|a Komárno
|h grafika
|c zostavil: Mesterová Katarína, Mester Tibor, foto: Mester Tibor
|
| 246 |
1 |
1 |
|a Komárom
|
| 250 |
|
|
|a [1. vyd.]
|
| 260 |
|
|
|a Kameničná
|b Mester
|c [2003]
|
| 300 |
|
|
|a 1 skladačka ([12] s.)
|b fotogr.
|c 11 cm
|
| 500 |
|
|
|a Súbežný názov a text maď., angl. a nem.
|
| 651 |
|
7 |
|a Komárno (Slovensko : okres)
|2 SNKPH
|9 15954
|
| 651 |
|
7 |
|a Komárno (Slovensko)
|2 SNKPH
|9 39168
|
| 655 |
|
7 |
|a geografické pohľadnice
|2 SNKPH
|9 70522
|
| 655 |
|
7 |
|a informačné publikácie
|2 SNKPH
|9 70181
|
| 655 |
|
7 |
|a skladačky
|2 SNKPH
|9 70683
|
| 700 |
1 |
|
|a Mesterová, Katarína
|4 com
|9 559526
|
| 919 |
|
|
|a 80-968924-4-4
|
| 958 |
|
|
|a GC
|
| 958 |
|
|
|a GBN
|
| 999 |
|
|
|c 858331
|d 860261
|
| 952 |
|
|
|t P60, <03>, [BOOK], {603}
|a SNK
|b SNK
|y PREZ
|7 0
|p 17A0429868
|o snkOSE 4031
|i snkKSP 7005/2004
|0 0
|1 0
|4 0
|d 2004-05-28
|l 0
|r 2005-01-02 00:00:00
|w 2026-02-24
|
| 952 |
|
|
|t P60, <04>, [BOOK], {604}
|a SNK
|b SNK
|y PREZ
|7 0
|p 17A0429867
|o snkOSE 4031 D1
|i snkKSP 7006/2004
|0 0
|1 0
|4 0
|d 2004-05-28
|l 0
|r 2005-01-02 00:00:00
|w 2026-02-24
|